| 000 | 01206nac a22002771u 4500 | ||
|---|---|---|---|
| 010 | _a 00265291 | ||
| 020 | _a0471331198 (acid-free paper) | ||
| 035 | _a(OCoLC)ocm42621802 | ||
| 082 | 0 | 0 |
_a620.0042 _bHAL |
| 090 |
_c6308 _d6308 |
||
| 100 | _aHaldar, Achintya. | ||
| 245 | 1 | 0 |
_aProbability, reliability, and statistical methods in engineering design / _cAchintya Haldar, Sankaran Mahadevan. |
| 260 |
_aNew York ; _aChichester [England] : _bJohn Wiley,2000 _cc2000. |
||
| 300 |
_axvi, 304 p. : _bill. ; _c25 cm. |
||
| 500 | _adistributer: Al-Ahram | ||
| 504 | _aIncludes bibliographical references (p. 288-295) and index. | ||
| 511 | _acatalogued by: wessam | ||
| 650 | 0 |
_aEngineering design _xStatistical methods. |
|
| 650 | 0 |
_aReliability (Engineering) _xStatistical methods. |
|
| 650 | 0 | _aProbabilities. | |
| 700 | 1 | _aMahadevan, Sankaran. | |
| 856 | 4 | 2 |
_3Publisher description _uhttp://www.loc.gov/catdir/description/wiley032/00265291.html |
| 856 | 4 | 2 |
_3Table of Contents _uhttp://www.loc.gov/catdir/toc/onix02/00265291.html |
| 942 |
_cBB _k620.0042HAL |
||
| 999 |
_c6308 _d6308 |
||